Imperialism and world economy

Đã lưu trong:
Bibliografiske detaljer
Hovedforfatter: Bukharin, Nikolai
Format: Bog
Sprog:Undetermined
Udgivet: London The Merlin Press 1972
Fag:
Tags: Tilføj Tag
Ingen Tags, Vær først til at tagge denne postø!
Thư viện lưu trữ: Trung tâm Học liệu Trường Đại học Cần Thơ
LEADER 00496nam a2200181Ia 4500
001 CTU_80407
008 210402s9999 xx 000 0 und d
082 |a 330.1 
082 |b B932 
100 |a Bukharin, Nikolai 
245 0 |a Imperialism and world economy 
245 0 |c Nikolai Bukharin 
260 |a London 
260 |b The Merlin Press 
260 |c 1972 
650 |a Capitalism,Economics,Imperialism 
904 |i Trọng Hải 
980 |a Trung tâm Học liệu Trường Đại học Cần Thơ